<?xml version="1.0" encoding="UTF-8"?>
<record
    xmlns:xsi="http://www.w3.org/2001/XMLSchema-instance"
    xsi:schemaLocation="http://www.loc.gov/MARC21/slim http://www.loc.gov/standards/marcxml/schema/MARC21slim.xsd"
    xmlns="http://www.loc.gov/MARC21/slim">

  <leader>01529nam a22001937a 4500</leader>
  <controlfield tag="005">20230715120409.0</controlfield>
  <controlfield tag="008">230715b           ||||| |||| 00| 0 eng d</controlfield>
  <datafield tag="040" ind1=" " ind2=" ">
    <subfield code="c">AL</subfield>
  </datafield>
  <datafield tag="041" ind1=" " ind2=" ">
    <subfield code="a">English</subfield>
  </datafield>
  <datafield tag="082" ind1=" " ind2=" ">
    <subfield code="2">23</subfield>
    <subfield code="a">342.087</subfield>
    <subfield code="b">KLYP</subfield>
  </datafield>
  <datafield tag="100" ind1=" " ind2=" ">
    <subfield code="a">Y N Kly</subfield>
    <subfield code="9">127200</subfield>
  </datafield>
  <datafield tag="245" ind1=" " ind2=" ">
    <subfield code="a">Popular guide to Minority Rights</subfield>
  </datafield>
  <datafield tag="260" ind1=" " ind2=" ">
    <subfield code="a">Canada</subfield>
    <subfield code="b">International human rights Association of American Minorities</subfield>
    <subfield code="c">1995</subfield>
  </datafield>
  <datafield tag="300" ind1=" " ind2=" ">
    <subfield code="a">224 p.</subfield>
    <subfield code="b">PB</subfield>
    <subfield code="c">21x14 cm.</subfield>
  </datafield>
  <datafield tag="520" ind1=" " ind2=" ">
    <subfield code="a">Perhaps no other right has been so highly valued and widely sought by oppressed peoples worldwide as the right to self-determination. Yet for numerically smaller groups within multinational states, the key to achieving and sustaining equal status may lie in the possibilities afforded for collective empowerment by minority rights in addition to civil rights. Addressing this universal problematic with particular reference to the situation of American national minorities, Avlam Solfer (Dean, Boston College Law School) questions the viability of non-discrimination policies as interpreted by U.S. courts: Ronald Walters (Dept. of Political Science, Howard University) traces the rise of white nationalism as a response to perceived threat to majority dominance posed by post-1960s affirmative action; and Y. N. Kly (Associate Professor, International Law, University of Regina) addresses the problem of democratic expression and realization of minority needs in the majoritarian state.</subfield>
  </datafield>
  <datafield tag="650" ind1=" " ind2=" ">
    <subfield code="a">minority rights</subfield>
    <subfield code="9">127132</subfield>
  </datafield>
  <datafield tag="700" ind1=" " ind2=" ">
    <subfield code="a">KLY (Y N)</subfield>
    <subfield code="9">127133</subfield>
  </datafield>
  <datafield tag="942" ind1=" " ind2=" ">
    <subfield code="2">ddc</subfield>
    <subfield code="c">DB</subfield>
  </datafield>
  <datafield tag="999" ind1=" " ind2=" ">
    <subfield code="c">227896</subfield>
    <subfield code="d">227896</subfield>
  </datafield>
  <datafield tag="952" ind1=" " ind2=" ">
    <subfield code="0">0</subfield>
    <subfield code="1">0</subfield>
    <subfield code="2">ddc</subfield>
    <subfield code="4">0</subfield>
    <subfield code="7">0</subfield>
    <subfield code="8">PS</subfield>
    <subfield code="a">AL</subfield>
    <subfield code="b">AL</subfield>
    <subfield code="d">2023-06-30</subfield>
    <subfield code="l">0</subfield>
    <subfield code="o">342.087 KLYP</subfield>
    <subfield code="p">D06054</subfield>
    <subfield code="r">2023-07-15 00:00:00</subfield>
    <subfield code="w">2023-07-15</subfield>
    <subfield code="y">DB</subfield>
    <subfield code="z">Donated by V. T. Rajshekar</subfield>
  </datafield>
</record>
